00384 2200145 4500001002100000005001500021035002000036245008300056100002200139300001200161260003100173082000800204084001400212990001200226INLIS00000000000203520250527090439 a0010-05250003271 aRegenerasi NII Membedah Jaringan Islam Jihad di Indonesia /cNur Khaziq Ridwan0 aNur Khaziq Ridwan a290 hlm ajakarta :bErlangga,c2002 a200 a200 NUR r a0713106